Phương pháp quảng cáo thực nghiệm

محفوظ في:
التفاصيل البيبلوغرافية
المؤلف الرئيسي: Caples, John
التنسيق: كتاب
اللغة:Undetermined
منشور في: Thành phố Hồ Chí Minh Tổng hợp Thành phố Hồ Chí Minh 2004
الموضوعات:
الوسوم: إضافة وسم
لا توجد وسوم, كن أول من يضع وسما على هذه التسجيلة!
Thư viện lưu trữ: Trung tâm Học liệu Trường Đại học Cần Thơ
LEADER 00622nam a2200193Ia 4500
001 CTU_101400
008 210402s9999 xx 000 0 und d
020 |c 90000 
082 |a 659.1 
082 |b C243 
100 |a Caples, John 
245 0 |a Phương pháp quảng cáo thực nghiệm 
245 0 |c John Caples; Gia Văn dịch 
260 |a Thành phố Hồ Chí Minh 
260 |b Tổng hợp Thành phố Hồ Chí Minh 
260 |c 2004 
650 |a Advertising, public service,Industrial publicity 
904 |i Tuyến 
980 |a Trung tâm Học liệu Trường Đại học Cần Thơ